000 00813cam a2200289 i 4500
001 200468067
003 TR-AnTOB
005 20260413113849.0
007 ta
008 260409t19521952nyu |||| |||| 00| 0 eng d
040 _aTR-AnTOB
_beng
_erda
_cTR-AnTOB
041 0 _aeng
050 1 4 _aPS3572.O5
_bP53 1952
090 _aPS3572.O5
_bP53 1952
100 1 _aVonnegut, Kurt,
_d1922-2007
_eauthor
_937881
245 1 0 _aPlayer piano /
_cKurt Vonnegut, Jr.
250 _aFifteenth Dell Printing July 1979
264 1 _aNew York :
_bA Dell Book,
_c1952.
264 4 _c©1952
300 _a295 pages ;
_c21 cm
336 _atext
_btxt
_2rdacontent
337 _aunmediated
_bn
_2rdamedia
338 _avolume
_bnc
_2rdacarrier
650 0 _aAmerican fiction
_973466
942 _cBK
_2lcc
999 _c200468067
_d86279